Normal view
MARC view
- ALIANDRO,HYGINO
Entry Personal Name
001 - CONTROL NUMBER
- control field: 133612
003 - CONTROL NUMBER IDENTIFIER
- control field: NUST
005 - DATE AND TIME OF LATEST TRANSACTION
- control field: 20260310104926.0
008 - FIXED-LENGTH DATA ELEMENTS
- fixed length control field: 260310|| aca||aabn | a|a d
040 ## - CATALOGING SOURCE
- Original cataloging agency: NUST
- Transcribing agency: NUST
100 ## - HEADING--PERSONAL NAME
- Personal name: ALIANDRO,HYGINO
670 ## - SOURCE DATA FOUND
- Source citation: Work cat.: (NUST): ALIANDRO,HYGINO., DICIONARIO INGLES PORTUGUES THE ENGLISH PORTUGUESE DICTIONARY /, 1956.
